| 000 -LEADER |
| fixed length control field |
00715nam a22001337a 4500 |
| 040 ## - CATALOGING SOURCE |
| Transcribing agency |
RUA |
| 082 ## - DEWEY DECIMAL CLASSIFICATION NUMBER |
| Classification number |
AGR THO 2017 B644 Or.1 |
| 100 ## - MAIN ENTRY--AUTHOR NAME |
| Personal name |
THOEK SYKIM ធឹក សិគីម |
| 245 ## - TITLE STATEMENT |
| Title |
effect of soil and crop management on soil quality in rice base cropping system ឥទ្ធិពលនៃការគ្រប់គ្រងដីនិងដំណាំលើគុណភាពដីក្និងប្រពន្ធដាំដុះដំណាំដែលមានស្រូវជាមូលដ្ឋាន |
| 260 ## - PUBLICATION, DISTRIBUTION, ETC. (IMPRINT) |
| Place of publication |
RUA |
| Name of publisher |
Phnom penh |
| Year of publication |
2017 |
| 300 ## - PHYSICAL DESCRIPTION |
| Number of Pages |
vii;33p |
| Other physical details |
ill; |
| Dimensions |
29cm |
| 856 ## - ELECTRONIC LOCATION AND ACCESS |
| Uniform Resource Identifier |
https://drive.google.com/file/d/1S70xGBXUd6QarCIgyV6oibqVuDR8Q_CE/view?usp=sharing |
| 942 ## - ADDED ENTRY ELEMENTS (KOHA) |
| Koha item type |
AGR |
| 952 ## - LOCATION AND ITEM INFORMATION (KOHA) |
| Withdrawn status [LOCAL, KOHA] |
0 |
| 952 ## - LOCATION AND ITEM INFORMATION (KOHA) |
| Withdrawn status [LOCAL, KOHA] |
0 |
| 952 ## - LOCATION AND ITEM INFORMATION (KOHA) |
| Withdrawn status [LOCAL, KOHA] |
0 |
| 952 ## - LOCATION AND ITEM INFORMATION (KOHA) |
| Withdrawn status [LOCAL, KOHA] |
0 |
| 952 ## - LOCATION AND ITEM INFORMATION (KOHA) |
| Withdrawn status [LOCAL, KOHA] |
0 |
| 952 ## - LOCATION AND ITEM INFORMATION (KOHA) |
| Withdrawn status [LOCAL, KOHA] |
0 |